| 000 | 00762nam a22002417a 4500 | ||
|---|---|---|---|
| 003 | 0 | ||
| 005 | 20180704141030.0 | ||
| 008 | 0 | ||
| 010 | _aB-217109 | ||
| 020 |
_a8176392464 _c300.00 |
||
| 035 | _aB-217109, B-217112 | ||
| 037 | _bCen Lib / Ret | ||
| 040 |
_aDPL _bEN _c0 |
||
| 082 |
_a711.43095416 _bAKA |
||
| 245 |
_aAkalank's MPD-2001 : Delhi master plan, August 1990 : _bmodified and corrected upto 7th September, 2006 / |
||
| 250 | _a6th ed | ||
| 260 |
_aDelhi _bAkalank Publications _c2006 |
||
| 270 |
_aP.O. Box No. 1029, 3622, Mori Gate _bDelhi _e110006 |
||
| 300 |
_ax, 118, 22 p. _b27cm(Hb) |
||
| 650 | _aCity planning -- India -- Delhi. | ||
| 650 | _aUrban renewal -- India -- Delhi. | ||
| 942 |
_2ddc _cEN _h711.43095416 _mAKA |
||
| 999 |
_c136790 _d136790 |
||